UM Logo

Beyond logos : (Record no. 19887)

MARC details
000 -LEADER
fixed length control field 00452nam a22001457a 4500
008 - FIXED-LENGTH DATA ELEMENTS--GENERAL INFORMATION
fixed length control field 240326b ||||| |||| 00| 0 eng d
020 ## - INTERNATIONAL STANDARD BOOK NUMBER
International Standard Book Number 2880466970
082 ## - DEWEY DECIMAL CLASSIFICATION NUMBER
Classification number DC 745.2
Item number D65b
100 ## - MAIN ENTRY--PERSONAL NAME
Personal name Dowdy, Clare.
9 (RLIN) 55506
245 ## - TITLE STATEMENT
Title Beyond logos :
Remainder of title new definitions of corporate identity /
Statement of responsibility, etc. Clare Dowdy.
260 ## - PUBLICATION, DISTRIBUTION, ETC. (IMPRINT)
Place of publication, distribution, etc. Switzerland :
Name of publisher, distributor, etc. Rotovision Book.
300 ## - PHYSICAL DESCRIPTION
Extent 160 pages :
Other physical details color illustrations ;
Dimensions 29 cm.
650 ## - SUBJECT ADDED ENTRY--TOPICAL TERM
Topical term or geographic name as entry element Design.
9 (RLIN) 55714
942 ## - ADDED ENTRY ELEMENTS (KOHA)
Source of classification or shelving scheme Dewey Decimal Classification
Koha item type Circulation
Holdings
Withdrawn status Lost status Source of classification or shelving scheme Damaged status Not for loan Collection code Home library Current library Date acquired Source of acquisition Total Checkouts Full call number Barcode Date last seen Price effective from Koha item type
    Dewey Decimal Classification     Circulation UM Digos College - LIC UM Digos College - LIC 04/22/2013 Donation   DC 745.2 D65b 21979 05/15/2025 03/26/2024 Circulation